000 00780nam a2200169 a 4500
008 150430s2012 ||||||||||||||||| || u
020 _a9780857027580
050 _aBF 13 Dev
100 _aSlater, Lucy Joan
245 1 0 _aDevelopmental Psychology :revisiting the classic studies
_cAlan M. Slater and Paul C.Quinn
260 _aLos Angels
_bSAGE Publications
_c2012
300 _ax,230p.: ill.
350 _a27.60
650 0 _aDEVELOPMENTAL PSYCHOLOGY
995 _aMAIN LIBRARY OPEN ACCESS
_e745191
_FCBU-MAIN LIBRARY (Kitwe)
_I27.60
_jBF 13 Dev
_M2
_UAVAILABLE
_WMay 4, 2015
_y745191
_ZMain Library Open Access Collection
995 _aMAIN LIBRARY OPEN ACCESS
_e745190
_FCBU-MAIN LIBRARY (Kitwe)
_I27.60
_jBF 13 Dev
_M1
_UAVAILABLE
_WMay 4, 2015
_y745190
_ZMain Library Open Access Collection
999 _c63515
_d63515